banner-ar

THE AMIRICAN HERITAGE COLLEGE DICTIONARY: (INCLUDES & FLOPPY DISK) / (Record no. 10770)

MARC details
000 -الفاتح
حقل البيانات ثابتة الطول 00549nam a2200181Ia 4500
008 - عناصر البيانات ثابتة الطول - معلومات عامة
حقل البيانات ثابتة الطول 140319s9999 xx 000 0 eng d
040 ## - مصدر الفهرسة
وكالة الفهرسة الأصلية GCL /
وكالة النسخ GCL
082 04 - رقم تصنيف ديوى العشرى
رقم التصنيف REF
رقم المادة 423
-- H A
100 1# - المدخل الرئيسى - إسم شخصى
الإسم الشخصى HOUGHTON MIFFIN COMPANY
245 10 - بيان العنوان
العنوان THE AMIRICAN HERITAGE COLLEGE DICTIONARY: (INCLUDES & FLOPPY DISK) /
بيان المسئوليه,etc HOUGHTON MIFFIN COMPANY
260 ## - PUBLICATION, DISTRIBUTION, ETC. (IMPRINT)
تاريخ النشر أو التوزيع 1993
300 ## - الوصف المادى
التعداد 1600
650 04 - المدخل الاضافى بالموضوع-مصطلح موضوعى
مصطلح موضوعي ENGLISH LANGUAGE
650 04 - المدخل الاضافى بالموضوع-مصطلح موضوعى
مصطلح موضوعي AMERICANISMO
650 04 - المدخل الاضافى بالموضوع-مصطلح موضوعى
مصطلح موضوعي ENGLISH LANGUAGE - DICTIONARIES
942 ## - عناصر المدخل الإضافي( كوها)
مصدر التصنيف او مخطط الترفيف Dewey Decimal Classification
Koha [default] item type كتاب
260 ## - PUBLICATION, DISTRIBUTION, ETC. (IMPRINT)
-- [S.N] :
-- HAUGHTON MIFFLIN COMPANY ،
Holdings
حالة التراجع حالة الفقد حالة تلف ليس للاعارة المكان المؤقت الموقع الحالى تاريخ الاكتساب اجمالي اﻻعارات رقم الطلب الباركود تاريخ اخر مشاهدة تاريخ تفعيل السعر نوع وعاء كوها
        مكتبة القاهرة الكبرى مكتبة القاهرة الكبرى 03/26/2014   REF\423\H A 21645 03/26/2014 03/26/2014 كتاب

Powered By

EGPV